000 00617cam a2200169 4500
001 L159511
008 020415n2016 000 0 eng u
035 _a(Sirsi) u159511
050 _a920 $2 18
100 _aInglis, Thomas L.
245 4 _aThe end, the beginning & the continuum
_bRobert Burns, (Hon)CS [1759 - 1796]
260 _c2016
300 _a4p.
_bill.
520 _aDescribes the first Burns Supper and the award of the title, Honorary Chartered Surveyor, by RICS to the Scotland's national bard and land surveyor Robert Burns.
690 _aABOUT RICS-RICS MEMBERS-CHARTERED SURVEYORS
942 _n0
999 _c115969
_d115969